<?xml version="1.0" encoding="UTF-8"?>
<collection xmlns="http://www.loc.gov/MARC21/slim">
 <record>
  <leader>02402cam a22004212 a4500</leader>
  <controlfield tag="001">1126851949</controlfield>
  <controlfield tag="003">DE-627</controlfield>
  <controlfield tag="005">20220611125102.0</controlfield>
  <controlfield tag="007">tu</controlfield>
  <controlfield tag="008">970127n19uuuuuuxx |||||      00| ||ger c</controlfield>
  <datafield tag="035" ind1=" " ind2=" ">
   <subfield code="a">(DE-627)1126851949</subfield>
  </datafield>
  <datafield tag="035" ind1=" " ind2=" ">
   <subfield code="a">(DE-576)056851944</subfield>
  </datafield>
  <datafield tag="035" ind1=" " ind2=" ">
   <subfield code="a">(DE-599)BSZ056851944</subfield>
  </datafield>
  <datafield tag="035" ind1=" " ind2=" ">
   <subfield code="a">(DE-604)8037397885</subfield>
  </datafield>
  <datafield tag="040" ind1=" " ind2=" ">
   <subfield code="a">DE-627</subfield>
   <subfield code="b">ger</subfield>
   <subfield code="c">DE-627</subfield>
   <subfield code="e">rakwb</subfield>
  </datafield>
  <datafield tag="041" ind1=" " ind2=" ">
   <subfield code="a">ger</subfield>
  </datafield>
  <datafield tag="084" ind1=" " ind2=" ">
   <subfield code="a">LK 80030</subfield>
   <subfield code="2">rvk</subfield>
   <subfield code="0">(DE-625)rvk/98307:</subfield>
  </datafield>
  <datafield tag="084" ind1=" " ind2=" ">
   <subfield code="a">NR 3660</subfield>
   <subfield code="2">rvk</subfield>
   <subfield code="0">(DE-625)rvk/129286:</subfield>
  </datafield>
  <datafield tag="084" ind1=" " ind2=" ">
   <subfield code="a">15.53</subfield>
   <subfield code="2">bkl</subfield>
  </datafield>
  <datafield tag="100" ind1="1" ind2=" ">
   <subfield code="a">Vogts, Hans</subfield>
   <subfield code="d">1883-1972</subfield>
   <subfield code="0">(DE-588)117666645</subfield>
   <subfield code="0">(DE-627)079085679</subfield>
   <subfield code="0">(DE-576)163434077</subfield>
   <subfield code="4">aut</subfield>
  </datafield>
  <datafield tag="245" ind1="1" ind2="4">
   <subfield code="a">Das Kölner Wohnhaus bis zur Mitte des 19. Jahrhunderts</subfield>
   <subfield code="c">Hans Vogts</subfield>
  </datafield>
  <datafield tag="264" ind1=" " ind2="1">
   <subfield code="a">Neuss</subfield>
   <subfield code="b">Verl. Gesellschaft für Buchdruckerei AG</subfield>
   <subfield code="c">19XX-</subfield>
  </datafield>
  <datafield tag="336" ind1=" " ind2=" ">
   <subfield code="a">Text</subfield>
   <subfield code="b">txt</subfield>
   <subfield code="2">rdacontent</subfield>
  </datafield>
  <datafield tag="337" ind1=" " ind2=" ">
   <subfield code="a">ohne Hilfsmittel zu benutzen</subfield>
   <subfield code="b">n</subfield>
   <subfield code="2">rdamedia</subfield>
  </datafield>
  <datafield tag="338" ind1=" " ind2=" ">
   <subfield code="a">Band</subfield>
   <subfield code="b">nc</subfield>
   <subfield code="2">rdacarrier</subfield>
  </datafield>
  <datafield tag="490" ind1="0" ind2=" ">
   <subfield code="a">Jahrbuch / Rheinischer Verein für Denkmalpflege und Heimatschutz</subfield>
   <subfield code="v">1964/65</subfield>
  </datafield>
  <datafield tag="689" ind1="0" ind2="0">
   <subfield code="d">g</subfield>
   <subfield code="0">(DE-588)4031483-2</subfield>
   <subfield code="0">(DE-627)106265458</subfield>
   <subfield code="0">(DE-576)208992669</subfield>
   <subfield code="a">Köln</subfield>
   <subfield code="2">gnd</subfield>
  </datafield>
  <datafield tag="689" ind1="0" ind2="1">
   <subfield code="d">s</subfield>
   <subfield code="0">(DE-588)4008773-6</subfield>
   <subfield code="0">(DE-627)106366394</subfield>
   <subfield code="0">(DE-576)208878203</subfield>
   <subfield code="a">Bürgerhaus</subfield>
   <subfield code="2">gnd</subfield>
  </datafield>
  <datafield tag="689" ind1="0" ind2=" ">
   <subfield code="5">(DE-627)</subfield>
  </datafield>
  <datafield tag="787" ind1="0" ind2="8">
   <subfield code="i">Rezensiert in</subfield>
   <subfield code="a">Bohtz, Carl Helmut</subfield>
   <subfield code="t">[Rezension von: Hans Vogts, Das Kölner Wohnhaus bis zur Mitte des 19. Jahrhunderts]</subfield>
   <subfield code="d">Kevelaer, Rhld. : Verlag Butzon &amp; Berker, 1969</subfield>
   <subfield code="w">(DE-627)1771329556</subfield>
  </datafield>
  <datafield tag="936" ind1="r" ind2="v">
   <subfield code="a">LK 80030</subfield>
   <subfield code="b">bürgerlich</subfield>
   <subfield code="k">Kunstgeschichte</subfield>
   <subfield code="k">Kunst nach Ländern bzw. Kontinenten</subfield>
   <subfield code="k">Deutschland</subfield>
   <subfield code="k">Deutsche Kunstgeschichte nach Gattungen</subfield>
   <subfield code="k">Architektur</subfield>
   <subfield code="k">Ordnung nach Bauträgern</subfield>
   <subfield code="k">bürgerlich</subfield>
   <subfield code="0">(DE-627)1271168014</subfield>
   <subfield code="0">(DE-625)rvk/98307:</subfield>
   <subfield code="0">(DE-576)201168014</subfield>
  </datafield>
  <datafield tag="936" ind1="r" ind2="v">
   <subfield code="a">NR 3660</subfield>
   <subfield code="b">Köln</subfield>
   <subfield code="k">Geschichte</subfield>
   <subfield code="k">Landes- und Stadtgeschichte (Allgemeine, Deutsche und Österreichische Landes- und Stadtgeschichte, Ausländische Stadtgeschichte, Geschichte der Auslanddeutschen)</subfield>
   <subfield code="k">Deutsche Landesgeschichte im Einzelnen (einschl. ehemaliger deutscher Gebiete)</subfield>
   <subfield code="k">Niederrhein, Nordrhein-Westfalen</subfield>
   <subfield code="k">Stadtgeschichte</subfield>
   <subfield code="k">Einzelne Städte</subfield>
   <subfield code="k">Köln</subfield>
   <subfield code="0">(DE-627)1270990675</subfield>
   <subfield code="0">(DE-625)rvk/129286:</subfield>
   <subfield code="0">(DE-576)200990675</subfield>
  </datafield>
  <datafield tag="936" ind1="b" ind2="k">
   <subfield code="a">15.53</subfield>
   <subfield code="j">Nordrhein-Westfalen</subfield>
   <subfield code="x">Geschichte</subfield>
   <subfield code="q">coli-conc RVK-&gt;BK</subfield>
   <subfield code="q">https://coli-conc.gbv.de/api/mappings/d17ec87c-da91-46a5-b0b6-fc2fa6cbe462</subfield>
   <subfield code="0">(DE-627)181571595</subfield>
  </datafield>
  <datafield tag="951" ind1=" " ind2=" ">
   <subfield code="a">MC</subfield>
  </datafield>
  <datafield tag="990" ind1=" " ind2=" ">
   <subfield code="a">Köln</subfield>
  </datafield>
  <datafield tag="990" ind1=" " ind2=" ">
   <subfield code="a">Bürgerhaus</subfield>
  </datafield>
  <datafield tag="991" ind1=" " ind2=" ">
   <subfield code="a">Rezensiertes Werk</subfield>
  </datafield>
  <datafield tag="999" ind1=" " ind2=" ">
   <subfield code="a">KXP-PPN1126851949</subfield>
   <subfield code="e">4488555217</subfield>
  </datafield>
 </record>
</collection>
